SAARC Energy Outlook 2030. (Record no. 536362)

000 -LEADER
fixed length control field 00358nam a22001337a 4500
082 ## - DEWEY DECIMAL CLASSIFICATION NUMBER
Classification number 2019
100 ## - MAIN ENTRY--PERSONAL NAME
Personal name Centre.
245 ## - TITLE STATEMENT
Title SAARC Energy Outlook 2030.
Statement of responsibility, etc SAARC Energy Centre.
260 ## - PUBLICATION, DISTRIBUTION, ETC. (IMPRINT)
Name of publisher, distributor, etc SAARC,
Place of publication, distribution, etc Islamabad:
300 ## - PHYSICAL DESCRIPTION
Extent 187 p.: ill.
Dimensions 30cm.
650 ## - SUBJECT ADDED ENTRY--TOPICAL TERM
Topical term or geographic name as entry element SAARC Energy - Report 2019.
700 ## - ADDED ENTRY--PERSONAL NAME
Personal name Dir. M Naeem Malik.
942 ## - ADDED ENTRY ELEMENTS (KOHA)
Koha item type Continuing Resources
Holdings
Damaged status Not for loan Permanent Location Current Location Date acquired Full call number Barcode Koha item type
    Central Library (CL) Central Library (CL) 10/14/2020 2019 R-718 Continuing Resources
    Central Library (CL) Central Library (CL) 10/14/2020 2019 R-719 Continuing Resources
© 2023 Central Library, National University of Sciences and Technology. All Rights Reserved.